000 01055nam a2200301 i 4500
001 000010276
003 DO-SdBNP
005 20250717074015.0
007 ta
008 091006s1986 dr a r 001 p spa d
040 _aDO-SdBNP
_bspa
_cBNPHU
_erda
082 4 _aRD861.44
_bE92t
_222
100 1 _aEvangelista, Enriquillo,
_d1933-
_eautor
_4aut.
_914948
245 1 0 _aTus justas iras :
_b(poemas) /
_cEnriquillo Evangelista.
264 4 _aSanto Domingo :
_bBiblioteca Nacional Pedro Henríquez Ureña (BNPHU),
_c©1986.
300 _a60 páginas :
_bilustraciones ;
_c21 cm.
336 _atexto
_btxt
_2rdacontent
337 _asin mediación
_bn
_2rdamedia
338 _avolumen
_bnc
_2rdacarrier
490 0 _aColección Orfeo
500 _aIncluye datos biográficos del autor en la contracubierta
590 _aInventariado, 2018/BT
650 7 _aPoesía dominicana
_966
650 7 _aLiteratura dominicana.
_967
710 2 _aBiblioteca Nacional Pedro Henríquez Ureña
_981292
910 _aValidado. Control de calidad. MFF
942 _2ddc
_cLBS1
999 _c10035
_d10035